000 00431nam a2200157 i 4500
001 101663
003 ES-MaACL
005 20230906182943.0
007 t|
008 051021s1973 sp ||||1| spa d
100 1 _aMedrano Morales, Antonio.
_979777
245 1 0 _aLingüística inglesa /
_cAntonio Medrano Morales.
260 _aMadrid :
_bGredos,
_c1973.
300 _a408 p. ;
_c19 cm.
852 _aES-MaACL
_jC-54549
_bR.87329
999 _c101663
_d101663